Computerised maintenance management systems (Record no. 97797)

MARC details
000 -LEADER
fixed length control field 01173cam a2200301 4500
008 - FIXED-LENGTH DATA ELEMENTS--GENERAL INFORMATION
fixed length control field 090401t1999 xxu||||| |||| 00| 0 eng d
020 ## - INTERNATIONAL STANDARD BOOK NUMBER
International Standard Book Number 0854069496
022 ## - INTERNATIONAL STANDARD SERIAL NUMBER
International Standard Serial Number 1354-506X
035 ## - SYSTEM CONTROL NUMBER
System control number (Sirsi) u92999
041 ## - LANGUAGE CODE
Language code of text/sound track or separate title eng
050 ## - LIBRARY OF CONGRESS CALL NUMBER
Classification number 690.240285
-- 18
100 ## - MAIN ENTRY--PERSONAL NAME
Personal name Jones, Keith
245 ## - TITLE STATEMENT
Title Computerised maintenance management systems
Remainder of title a survey of performance requirements
260 ## - PUBLICATION, DISTRIBUTION, ETC.
Place of publication, distribution, etc. London
Name of publisher, distributor, etc. RICS
Date of publication, distribution, etc. 1999
300 ## - PHYSICAL DESCRIPTION
Extent 94p.
Dimensions 30cm.
350 ## - PRICE (NR) (BK AM CF MU VM SE) [OBSOLETE]
Price 7.95
490 ## - SERIES STATEMENT
Series statement RICS Foundation Research Papers
Volume/sequential designation 3(5)
520 ## - SUMMARY, ETC.
Summary, etc. Provides information on what current users believe to be essential or desirable attributes of computerised property management systems, and indicates the current state of the art or industry benchmark for current systems in terms of both performance and functionality.
650 ## - SUBJECT ADDED ENTRY--TOPICAL TERM
Topical term or geographic name entry element COMPUTER SYSTEMS
650 ## - SUBJECT ADDED ENTRY--TOPICAL TERM
Topical term or geographic name entry element INDUSTRY BENCHMARKS
650 ## - SUBJECT ADDED ENTRY--TOPICAL TERM
Topical term or geographic name entry element MANAGEMENT-BUSINESS MANAGEMENT-INFORMATION MANAGEMENT
690 ## - LOCAL SUBJECT ADDED ENTRY--TOPICAL TERM (OCLC, RLIN)
Topical term or geographic name as entry element MANAGEMENT-BUSINESS MANAGEMENT-INFORMATION MANAGEMENT
700 ## - ADDED ENTRY--PERSONAL NAME
Personal name Burrows, Clive
700 ## - ADDED ENTRY--PERSONAL NAME
Personal name Collis, Stephen
710 ## - ADDED ENTRY--CORPORATE NAME
Corporate name or jurisdiction name as entry element Royal Institution of Chartered Surveyors
9 (RLIN) 4900
942 ## - ADDED ENTRY ELEMENTS (KOHA)
Suppress in OPAC 0
948 ## - LOCAL PROCESSING INFORMATION (OCLC); SERIES PART DESIGNATOR (RLIN)
c (OCLC) 27/04/1999
Holdings
Withdrawn status Lost status Source of classification or shelving scheme Damaged status Not for loan Home library Current library Shelving location Date acquired Total Checkouts Full call number Barcode Date last seen Date last checked out Copy number Price effective from Koha item type
    Dewey Decimal Classification     London London RICS Boxes 14/09/1999 15 RICS 1999/30 30074653 06/08/2019 26/04/2004 2 06/08/2019 Book
    Dewey Decimal Classification     London London RICS Boxes 14/09/1999   RICS 1999/30 30058477 06/08/2019   3 06/08/2019 Reference material
    Dewey Decimal Classification     London London RICS Boxes 14/09/1999   RICS 1999/30 30058478 06/08/2019   4 06/08/2019 Archive